Every Wrestler to compete at AEW x NJPW Forbidden Door - Statistics

General Stats
  • This quiz has been taken 7 times
  • The average score is 66 of 131
Answer Stats
First Forbidden Door Wrestler % Correct
Forbidden Door 2024 Zero Hour Brody King
100%
Forbidden Door 2023 Hiromu Takahashi
100%
Forbidden Door 2022 Hiroshi Tanahashi
100%
Forbidden Door 2022 Kazuchika Okada
100%
Forbidden Door 2023 MJF
100%
Forbidden Door 2022 Zero Hour Swerve Strickland
100%
Forbidden Door 2022 Will Ospreay
100%
Forbidden Door 2022 Adam Cole
80%
Forbidden Door 2023 Athena
80%
Forbidden Door 2025 Bandido
80%
Forbidden Door 2023 Bryan Danielson
80%
Forbidden Door 2022 Cash Wheeler
80%
Forbidden Door 2025 Christian Cage
80%
Forbidden Door 2022 Clark Connors
80%
Forbidden Door 2023 CM Punk
80%
Forbidden Door 2022 Darby Allin
80%
Forbidden Door 2022 Dax Harwood
80%
Forbidden Door 2023 Jack Perry
80%
Forbidden Door 2022 Jay White
80%
Forbidden Door 2022 Jon Moxley
80%
Forbidden Door 2022 Zero Hour Keith Lee
80%
Forbidden Door 2023 Kenny Omega
80%
Forbidden Door 2025 Killswitch
80%
Forbidden Door 2023 Konosuke Takeshita
80%
Forbidden Door 2023 Kyle Fletcher
80%
Forbidden Door 2022 Matt Jackson
80%
Forbidden Door 2022 Minoru Suzuki
80%
Forbidden Door 2022 Miro
80%
Forbidden Door 2022 Nick Jackson
80%
Forbidden Door 2022 Pac
80%
Forbidden Door 2025 Zero Hour Ricochet
80%
Forbidden Door 2023 Sanada
80%
Forbidden Door 2023 Satoshi Kojima
80%
Forbidden Door 2022 Sting
80%
Forbidden Door 2023 Tetsuya Naito
80%
Forbidden Door 2023 Tomohiro Ishii
80%
Forbidden Door 2022 Toni Storm
80%
Forbidden Door 2025 Adam Copeland
60%
Forbidden Door 2022 Zero Hour Austin Gunn
60%
Forbidden Door 2022 Zero Hour Billy Gunn
60%
Forbidden Door 2023 Brian Cage
60%
Forbidden Door 2022 Chris Jericho
60%
Forbidden Door 2022 Claudio Castagnoli
60%
Forbidden Door 2022 Zero Hour Colten Gunn
60%
Forbidden Door 2022 Eddie Kingston
60%
Forbidden Door 2022 El Phantasmo
60%
Forbidden Door 2024 Zero Hour Gabe Kidd
60%
Forbidden Door 2022 "Hangman" Adam Page
60%
Forbidden Door 2024 Zero Hour Isiah Kassidy
60%
Forbidden Door 2022 Jeff Cobb
60%
Forbidden Door 2025 Zero Hour Julia Hart
60%
Forbidden Door 2025 Kota Ibushi
60%
Forbidden Door 2022 Malaki Black
60%
Forbidden Door 2024 Zero Hour Mariah May
60%
Forbidden Door 2024 Mark Briscoe
60%
Forbidden Door 2024 Zero Hour Marq Quen
60%
Forbidden Door 2025 Zero Hour Megan Bayne
60%
Forbidden Door 2024 Mercedes Moné
60%
Forbidden Door 2024 Zero Hour Mistico
60%
Forbidden Door 2022 Orange Cassidy
60%
Forbidden Door 2022 Shingo Takagi
60%
Forbidden Door 2022 Shota Umino
60%
Forbidden Door 2024 Stephanie Vaquer
60%
Forbidden Door 2022 Wheeler Yuta
60%
Forbidden Door 2024 Zero Hour Yota Tsuji
60%
Forbidden Door 2022 Zack Sabre Jr.
60%
Forbidden Door 2025 Alex Windsor
40%
Forbidden Door 2024 Anthony Bowens
40%
Forbidden Door 2023 Billie Starkz
40%
Forbidden Door 2023 Bishop Kaun
40%
Forbidden Door 2025 Bobby Lashley
40%
Forbidden Door 2025 Bozilla
40%
Forbidden Door 2023 Daniel Garcia
40%
Forbidden Door 2024 Dante Martin
40%
Forbidden Door 2022 Zero Hour El Desperado
40%
Forbidden Door 2022 Great-O-Khan
40%
Forbidden Door 2022 Zero Hour Kevin Knight
40%
Forbidden Door 2025 Kip Sabian
40%
Forbidden Door 2024 Zero Hour Kris Statlander
40%
Forbidden Door 2024 Zero Hour Kyle O'Reilly
40%
Forbidden Door 2022 Zero Hour Lance Archer
40%
Forbidden Door 2024 Lio Rush
40%
Forbidden Door 2022 Zero Hour Max Caster
40%
Forbidden Door 2025 Nigel McGuinness
40%
Forbidden Door 2024 Zero Hour Penta El Zero Miedo
40%
Forbidden Door 2025 Persephone
40%
Forbidden Door 2025 Zero Hour Powerhouse Hobbs
40%
Forbidden Door 2024 Zero Hour Rey Fénix
40%
Forbidden Door 2022 Rocky Romero
40%
Forbidden Door 2024 Zero Hour Roderick Strong
40%
Forbidden Door 2022 Sammy Guevara
40%
Forbidden Door 2024 Zero Hour Saraya
40%
Forbidden Door 2025 Shelton Benjamin
40%
Forbidden Door 2025 Zero Hour Sky Blue
40%
Forbidden Door 2025 Zero Hour "Speedball" Mike Bailey
40%
Forbidden Door 2025 Zero Hour Thekla
40%
Forbidden Door 2022 Thunder Rosa
40%
Forbidden Door 2023 TJP
40%
Forbidden Door 2023 Zero Hour Toa Liona
40%
Forbidden Door 2023 Willow Nightingale
40%
Forbidden Door 2022 Zero Hour Yuya Uemura
40%
Forbidden Door 2022 Zero Hour Aaron Solo
20%
Forbidden Door 2025 Zero Hour Action Andretti
20%
Forbidden Door 2024 Big Bill
20%
Forbidden Door 2023 Bushi
20%
Forbidden Door 2023 Chuck Taylor
20%
Forbidden Door 2025 Zero Hour Drilla Moloney
20%
Forbidden Door 2025 Zero Hour Harley Cameron
20%
Forbidden Door 2024 Hechicero
20%
Forbidden Door 2022 Zero Hour Hirooki Goto
20%
Forbidden Door 2024 Hook
20%
Forbidden Door 2023 Katsuyori Shibata
20%
Forbidden Door 2025 Zero Hour Michael Oku
20%
Forbidden Door 2024 Mina Shirakawa
20%
Forbidden Door 2022 Zero Hour Q.T. Marshall
20%
Forbidden Door 2024 Samoa Joe
20%
Forbidden Door 2022 Zero Hour The DKC
20%
Forbidden Door 2022 Trent Beretta
20%
Forbidden Door 2022 Zero Hour Yoshi-Hashi
20%
Forbidden Door 2022 Zero Hour Alex Coughlin
0%
Forbidden Door 2025 Zero Hour Josh Alexander
0%
Forbidden Door 2024 Zero Hour Momo Watanabe
0%
Forbidden Door 2022 Zero Hour Nick Comoroto
0%
Forbidden Door 2025 Zero Hour Queen Aminata
0%
Forbidden Door 2025 Zero Hour Robbie X
0%
Forbidden Door 2023 Dark Match Serpentico
0%
Forbidden Door 2023 Stu Grayson
0%
Forbidden Door 2024 Zero Hour Tam Nakano
0%
Forbidden Door 2024 Zero Hour Titan
0%
Forbidden Door 2023 Dark Match Tom Lawlor
0%
Forbidden Door 2022 Zero Hour Yoshinobu Kanemaru
0%
No matching quizzes found
Score Distribution
Percent of People with Each Score
Percentile by Number Answered
Your Score History
You have not taken this quiz